000 00430nam a2200181Ia 4500
001 1560
005 20260306143737.0
008 260306t2015||||xx |||||||||||||| ||spa||
041 _aESP
082 _a150.9285
_bJ26
100 _aJauregui Camasca, David,
_eAUT
245 0 _aHomenaje a Reynaldo Alarcón
260 _c2015
300 _a644 páginas :
_c24 cm.
650 _aGEN
654 _aCPS
942 _cLIB
_dJUS
_fJUS
_2ddc
_n
999 _c1560
_d1560